<?xml version="1.0" encoding="UTF-8"?>
<record
    xmlns:xsi="http://www.w3.org/2001/XMLSchema-instance"
    xsi:schemaLocation="http://www.loc.gov/MARC21/slim http://www.loc.gov/standards/marcxml/schema/MARC21slim.xsd"
    xmlns="http://www.loc.gov/MARC21/slim">

  <leader>01932nas a22002417a 4500</leader>
  <datafield tag="999" ind1=" " ind2=" ">
    <subfield code="c">40829</subfield>
    <subfield code="d">40829</subfield>
  </datafield>
  <controlfield tag="005">20200520113103.0</controlfield>
  <controlfield tag="007">cz aa aaaaa</controlfield>
  <controlfield tag="008">200428c           f||poo|||| 00| 0 eng d</controlfield>
  <datafield tag="022" ind1=" " ind2=" ">
    <subfield code="a">2664-6196</subfield>
  </datafield>
  <datafield tag="040" ind1=" " ind2=" ">
    <subfield code="c">oclc</subfield>
  </datafield>
  <datafield tag="082" ind1=" " ind2=" ">
    <subfield code="a">570</subfield>
    <subfield code="b">JOU/B</subfield>
  </datafield>
  <datafield tag="245" ind1=" " ind2=" ">
    <subfield code="a">International Journal of Clinical Biology and Biochemistry</subfield>
    <subfield code="h">e-Journal (Open Access)</subfield>
  </datafield>
  <datafield tag="260" ind1=" " ind2=" ">
    <subfield code="b">Prime Publications</subfield>
    <subfield code="a">Delhi, India </subfield>
  </datafield>
  <datafield tag="300" ind1=" " ind2=" ">
    <subfield code="a">PDF(online)</subfield>
  </datafield>
  <datafield tag="310" ind1=" " ind2=" ">
    <subfield code="a">Semiannual</subfield>
  </datafield>
  <datafield tag="365" ind1=" " ind2=" ">
    <subfield code="e">Open Access</subfield>
  </datafield>
  <datafield tag="500" ind1=" " ind2=" ">
    <subfield code="a">International Journal of Clinical Biology and Biochemistry is a peer-reviewed, open access journal that publishes original research articles as well as review articles covering all areas of biological chemistry.

Considers review and research articles related to: medical biochemistry, Molecular Cell Biology, Microbiology, Infection and Immunity, structural &amp; functional biology, clinical and medical biochemistry, cellular &amp; molecular biology, molecular immunology, biochemical pathways and mechanisms, genetic studies, therapeutic drug monitoring and toxicology, laboratory medicine in general, prognosis, treatment, therapy, and monitoring of disease, biomolecular recognition, protein-DNA interactions, gene-cloning, genetic engineering, genome analysis, gene targeting, gene expression, vectors, gene therapy, drug targeting, drug design, molecular basis of genetic diseases, Molecular Biology of Host-pathogens Interactions, RNA and protein expression and regulation, transcriptomics, enzymology, biophysics, contemporary areas of molecular biology such as studies on replication, repair, recombination, transcription, mutation, coding and non-coding RNA, genomics, proteomics, etc. </subfield>
  </datafield>
  <datafield tag="650" ind1=" " ind2="0">
    <subfield code="9">2322</subfield>
    <subfield code="a">Natural sciences &amp;amp; mathematics</subfield>
    <subfield code="v">Life sciences; biology</subfield>
  </datafield>
  <datafield tag="651" ind1=" " ind2="0">
    <subfield code="9">2254</subfield>
    <subfield code="a">India</subfield>
  </datafield>
  <datafield tag="655" ind1=" " ind2="0">
    <subfield code="9">2257</subfield>
    <subfield code="a">e-Journal</subfield>
  </datafield>
  <datafield tag="856" ind1=" " ind2=" ">
    <subfield code="u">http://www.biochemistryjournal.net/</subfield>
  </datafield>
  <datafield tag="942" ind1=" " ind2=" ">
    <subfield code="2">ddc</subfield>
    <subfield code="c">EJ</subfield>
    <subfield code="h">570</subfield>
    <subfield code="k">570</subfield>
    <subfield code="m">JOU/B</subfield>
  </datafield>
</record>
